000 00527nam a2200169Ia 4500
008 090711s9999 xx 000 0 und d
082 _b80976
100 _aसरदेसाई लक्ष्मणराव
245 _aसोनेरी ऊन
260 _c1964
300 _a160
600 _aसरदेसाई लक्ष्मणराव
630 _aसोनेरी ऊन
700 _aसरदेसाई लक्ष्मणराव
730 _aसोनेरी ऊन
942 _cBOOK
999 _c314846
_d314846